| 000 | 01163nam a2200265 a 4500 | ||
|---|---|---|---|
| 001 | BRCA_8680 | ||
| 005 | 20190320210351.0 | ||
| 008 | 081216s1791----mx-#######---#000-0#spa-# | ||
| 041 | _aspa | ||
| 044 | _amx | ||
| 050 | 4 |
_aF1201 _b.E88 _c1791 |
|
| 245 | 1 | 0 |
_aEstado que manifiesta el no. de calles de que se compone la Ciudad de México con exclucion de sus barrios _bel numero de casas que en ellas se hallan los individuos a quienes pertenezen y los arrendamientos que al año les produzen el que se ha formado por orden del Exmo. señor Conde de Revilla Gigedo virrey gobernador y capitan general de Nueva España. |
| 260 |
_aMéxico _b[s.i.] _c1791 |
||
| 300 |
_a253 p. _c31 cm |
||
| 500 | _aFondo antiguo | ||
| 500 | _aSe encuentra en Caja Fuerte | ||
| 500 | _aR-104 | ||
| 500 | _aTexto manuscrito | ||
| 500 | _aContiene tablas | ||
| 500 | _aNota de encuadernación: pasta española, cantos en rojo, una de las guardas esta incompleta | ||
| 506 | 0 | _aFondo reservado: para su consulta es necesario credencial de usuario y carta de motivos | |
| 650 | 1 | 4 |
_aOrganización _eTrabajos anteriores a 1800 _zMéxico _921651 |
| 902 | _aLAR | ||
| 942 |
_2lcc _cB |
||
| 999 |
_c8337 _d8337 |
||